000
00355nam a2200157Ia 4500
003
OSt
005
20240123112533.0
008
170523s9999 xx 000 0 und d
020
_a
978-0256068139
040
_c
iimt university meerut
100
_a
BOYD- HW
245
0
_a
MARKETING RESEARCH
260
_b
RICHARD D IRWIN
260
_c
1997
942
_2
ddc
_c
02
999
_c
59
_d
59